Caricamento...
Compartmental analysis in biology and medicine
| Autore principale: | |
|---|---|
| Natura: | Printed Book |
| Lingua: | English |
| Pubblicazione: |
London
Elsevier
1972
|
| Soggetti: |
| LEADER | 00529nam a2200157 a 4500 | ||
|---|---|---|---|
| 005 | 20151028162039.0 | ||
| 008 | 960221s1955 dcuabcdjdbkoqu001 0deng d | ||
| 003 | ViArRB | ||
| 082 | |a 574.191 |b L2 | ||
| 100 | |a Jacquez, John, A. |9 19950 | ||
| 245 | |a Compartmental analysis in biology and medicine | ||
| 653 | |a Biophysics, biology |a Biophysics |a biology | ||
| 942 | |c BK |6 _ | ||
| 260 | |a London |b Elsevier |c 1972 | ||
| 999 | |c 73968 |d 73968 | ||
| 952 | |0 0 |1 0 |2 ddc |4 0 |6 574191_L2 |7 0 |9 86232 |a SOS |b SOS |d 2010-03-04 |o 574.191 L2 |p MS002024 |r 2013-06-14 |w 2009-07-13 |y BK | ||